Compendium Theologiae Moralis

Saved in:
Bibliografiske detaljer
Main Authors: Gury, Joannis Petri (Author), Ballerini, Antonii (Author)
Format: Bog
Sprog:latin
Udgivet: Roma Ex Typographia Polyglotta 1889
Udgivelse:10a. ed
Fag:
Tags: Tilføj Tag
Ingen Tags, Vær først til at tagge denne postø!

MARC

LEADER 00000cam a2200000 a 4500
001 UCD2272
003 CL-VaPUC
008 160421e18890000it |||||||||||||||||lat|d
082 0 4 |a 241  |b GUR  |2 21 
100 |a Gury, Joannis Petri  |e author  |9 585584 
700 0 |a Ballerini, Antonii  |e author  |9 585585 
245 1 0 |a Compendium Theologiae Moralis 
250 |a 10a. ed 
300 |a t 
942 |c BK 
945 |d 20160421 23:07:00  |a dcastane 
260 |a Roma  |b Ex Typographia Polyglotta  |c 1889 
650 0 |a Teología moral   |9 256617 
583 |a last modification  |c 20160421 23:07:00  |k Rodrigo Vera 
999 |c 363435  |d 363433 
952 |0 0  |1 0  |3 erd  |4 0  |6 241_000000000000000_GUR_1889  |7 0  |8 X  |9 475767  |a BIBTEO  |b BIBTEO  |c TEO_FFR  |h t.1  |i 5225620  |o 241 GUR 1889  |p 5225620  |r 2024-01-18  |w 2019-11-24  |y BK_X  |z Catalogado en:20160421  |k OFM 
952 |0 0  |1 0  |3 erd  |4 0  |6 241_000000000000000_GUR_1889  |7 0  |8 X  |9 475768  |a BIBTEO  |b BIBTEO  |c TEO_FFR  |h t.2  |i 5225639  |o 241 GUR 1889  |p 5225639  |r 2024-01-18  |w 2019-11-24  |y BK_X  |z Catalogado en:20160421  |k OFM